कृष्ण की मीरा / (Record no. 34616)

MARC details
000 -LEADER
fixed length control field 01249nam a22002657a 4500
005 - DATE AND TIME OF LATEST TRANSACTION
control field 20100312095056.0
008 - FIXED-LENGTH DATA ELEMENTS--GENERAL INFORMATION
fixed length control field 100312t xxu||||| |||| 00| 0 hin d
010 ## - LCCN (DPL NO)
LC control number HIN-89113
020 ## - INTERNATIONAL STANDARD BOOK NUMBER
Terms of availability 175.00
International Standard Book Number 9788189944162
035 ## - SYSTEM CONTROL NUMBER
System control number HN-61459
037 ## - SOURCE OF ACQUISITION
Source of stock number/acquisition DBAD / PUB
040 ## - CATALOGING SOURCE
Original cataloging agency DPL
Language of cataloging HN
082 ## - DEWEY DECIMAL CLASSIFICATION NUMBER
Classification number
100 ## - MAIN ENTRY--PERSONAL NAME
Personal name भसीन, विवेक
9 (RLIN) 17240
245 ## - TITLE STATEMENT
Title कृष्ण की मीरा /
Statement of responsibility, etc विवेक भसीन;बलदेव वंशी द्वारा संपादित
246 ## - VARYING FORM OF TITLE
Title proper/short title Krishna ki meera
Remainder of title by Vivek Bhasin
260 ## - PUBLICATION, DISTRIBUTION, ETC. (IMPRINT)
Place of publication, distribution, etc नई दिल्ली
Name of publisher, distributor, etc इंडिया बुक्स कम्पनी
Date of publication, distribution, etc 2009
270 ## - ADDRESS
Address डब्ल्यू जैडृडी-14, दयाल सर कालोनी, उत्तम नगर
City नई दिल्ली
Postal code 110059
300 ## - PHYSICAL DESCRIPTION
Extent 128पृ
Dimensions 22सेमी (सजिल्द)
650 ## - SUBJECT ADDED ENTRY--TOPICAL TERM
Topical term or geographic name as entry element हिन्दी कथा साहित्य
9 (RLIN) 657
650 ## - SUBJECT ADDED ENTRY--TOPICAL TERM
Topical term or geographic name as entry element Hindi fiction
9 (RLIN) 17241
700 ## - ADDED ENTRY--PERSONAL NAME
Personal name वंशी, बलदेव
9 (RLIN) 17242
942 ## - ADDED ENTRY ELEMENTS (KOHA)
Source of classification or shelving scheme Dewey Decimal Classification
Item type Hindi Books
Call number suffix भसीन
Holdings
Withdrawn status Lost status Source of classification or shelving scheme Damaged status Not for loan Collection code Home library Current library Date acquired Source of acquisition Cost, normal purchase price Total Checkouts Full call number Barcode Date last seen Copy number Cost, replacement price Koha item type
    Dewey Decimal Classification   Not For Loan Non-fiction D.B.Act.Division D.B.Act.Division 12/03/2010 DBAD / PUB 175.00   भसीन HN-61459 12/03/2010 1 175.00 Hindi Books

© Delhi Public Library
Hit Counter
free hit counter